Quinta Brunson Filmography - Statistics

General Stats
  • This quiz has been taken 4 times
    2 since last reset
  • The average score is 5 of 49
Answer Stats
Type Year Name % Correct
TV Show 2021-Present Abbott Elementary
100%
Film 2026 The Cat in the Hat
100%
Film 2025 Zootopia 2
100%
Web Series 2019-2025 Big Mouth
50%
Film TBA Golden
50%
Web Series 2025 The Studio
50%
Film 2022 Weird: The Al Yankovic Story
50%
Web Special 2022 2022: Back That Year Up
0%
TV Show 2019-2022 A Black Lady Sketch Show
0%
Short Film 2015 Americans Watch Country Music Videos for the First Time
0%
Film 2020 An American Pickle
0%
Web Special 2024 A Nonsense Christmas with Sabrina Carpenter
0%
Film 2021 As of Yet
0%
Web Series 2016 Broke
0%
Web Series 2022 Cars on the Road
0%
TV Show 2022, 2024 Celebrity Family Feud
0%
TV Show 2021 Crank Yankers
0%
Music Video 2019 Dragonball Durag
0%
Web Special 2025 FireAid Benefit Concert
0%
Web Series 2019 Hair Flick
0%
Web Series 2023 Harley Quinn
0%
Web Series 2023 History of the World: Part II
0%
Short Film 2014 How to Be the Perfect Woman (According to Men)
0%
TV Show 2025 It's Always Sunny in Philadelphia
0%
TV Show 2019 iZombie
0%
TV Show 2019-2021 Lazor Wulf
0%
Music Video 2024 Little Foot Big Foot
0%
TV Show 2020 Magical Girl Friendship Squad
0%
TV Show 2021-2023 Miracle Workers
0%
TV Show 2018 New Girl
0%
Film TBA Par for the Course
0%
TV Show 2023 Party Down
0%
Web Series 2017-2018 Quinta vs. Everything
0%
TV Show 2014 Revolt Live
0%
TV Show 2025 RuPaul's Drag Race
0%
TV Show 2025 RuPaul's Drag Race: Untucked!
0%
TV Show 2023, 2025 Saturday Night Live
0%
Web Special 2023 Schoolhouse Rock! 50th Anniversary Singalong
0%
TV Show 2018, 2019, 2020 Single Parents
0%
Web Series 2010 Temple Smash
0%
TV Show 2023 That's My Jam
0%
TV Pilot 2018 The End of the World As We Know It
0%
TV Show 2019 The New Negroes
0%
Short Film 2015 Things That Make Servers Want to Hide in the Back
0%
Web Series 2017 Up for Adoption
0%
Web Series 2018 Worth It
0%
Web Series 2017 Worth It: Lifestyle
0%
Web Mini-Series 2015 You Do You
0%
Web Series 2015-2017 Zack & Justin
0%
No matching quizzes found
Score Distribution
Percent of People with Each Score
Percentile by Number Answered
Your Score History
You have not taken this quiz since the last reset